Çevre yönetiminin temel araçları (Record no. 6827)

MARC details
000 -BAŞLIK
Sabit Uzunlukta Kontrol Alanı 00746na a2200265 4500
001 - KONTROL NUMARASI
Denetim Alanı 18829
003 - KONTROL NUMARASI IDENTIFIER
Denetim Alanı MIRAKIL
005 - SON İŞLEM TARİHİ VE ZAMANI
Denetim Alanı 20181213155121.0
008 - SABİT-BOY VERİ ELEMANLARI - GENEL BİLGİLER
Sabit Uzunlukta Kontrol Alanı 161129b tu 000 0
020 ## - ULUSLARARASI STANDART KİTAP NUMARASI
Uluslararası Standart Kitap Numarası 9755331077
035 ## - SİSTEM KONTROL NUMARASI
Sistem Kontrol Numarası 18829
040 ## - KATALOGLAMA KAYNAK
Orijinal Kataloglama Ajansı Milas
Kataloglama Dili tur
Metne Dönüştürmek Ajansı TR-AnCHP
041 ## - DİL KODU
Metin / Ses Parça Veya Ayrı Başlığın Dil Kodu tur
082 ## - DEWEY ONLU SINIFLANDIRMA NUMARASI
Sınıflandırma Numarası 351.82321
Ürün Numarası Y27 1995
090 ## - SINIFLAMA NUMARASI
Sınıflama Numarası 351.82321 Y27 1995
100 ## - ANA GİRİŞ - KİŞİSEL İSİM
Kişisel Ad Yaşamış, Firuz Demir
245 ## - BAŞLIK TABLOSU
Başlık Çevre yönetiminin temel araçları
Sorumluluk Tablosu, Vb Firuz Demir Yaşamış
260 ## - YAYIN, DAĞITIM, VB
Yayın, Dağıtım, Vb Yeri Ankara
Yayıncı, Dağıtıcı, Vs Adı İmge Kitabevi Yayınları
Yayın, Dağıtım, Vb Tarihi 1995
300 ## - FİZİKSEL TANIM
Kapsam 224 s.
Boyutlar 20 sm.
490 ## - SERİSİ TABLOSU
Seri Beyanı İmge Kitabevi Yayınları
Hacim / Ardışık Tanımı 123
500 ## - GENEL NOT
Genel Not Yapıt yazarından imzalıdır.
500 ## - GENEL NOT
Genel Not Dizin var.
650 ## - KONU KATMA GİRİŞ - TOPİKAL DÖNEM
Topikal Süreli Veya Coğrafi Ad Giriş Elemanı Çevre yönetimi
Coğrafi Alt Bölümü Türkiye
942 ## - EKLENDİ GİRİŞ ELEMANLARI (KOHA)
Sınıflandırma Veya Raf Düzeni Kaynak Dewey Decimal Classification
Koha Öğesi Türü Books
999 ## - SİSTEM KONTROL NUMARALARI (KOHA)
Koha Biblionumber 6827
Koha Biblioitemnumber 6827
Holdings
Kalıcı Konum Mevcut Konum Edinme Tarihi Edinim Kaynak Toplam Check-Out'Lar Tam Çağrı Numarası Barkod Tarih Son Görülme İtibaren Geçerli Fiyatlar Koha Öğesi Türü
CHP Kütüphanesi CHP Kütüphanesi 11/29/2016 Bağış   351.82321 Y27 1995 009763 11/29/2016 11/29/2016 Books